000
00225nam a22000857a 4500
008
161128b xxu||||| |||| 00| 0 eng d
100
_9
1496
_a
Bala.R.
245
_a
CCE Manual Social Science-IX-I
260
_a
New Delhi
_b
S. Chand
_c
2011
999
_c
4221
_d
4221